Australian Sports Teams by City - Statistics

General Stats
  • This quiz has been taken 82 times
    37 since last reset
  • The average score is 48 of 76
Answer Stats
Answer % Correct
Lions
96%
Eagles
93%
Broncos
89%
Kangaroos
85%
Raiders
85%
Heat
81%
Suns
81%
Tigers
81%
Tigers
81%
Bulldogs
78%
Bulldogs
78%
Cats
78%
Cowboys
78%
Knights
78%
Sixers
78%
Storm
78%
Swans
78%
Crows
74%
Dockers
74%
Dragons
74%
Giants
74%
Hurricanes
74%
Hurricanes
74%
Magpies
74%
Rabbitohs
74%
Thunder
74%
Titans
74%
Blues
70%
Blues
70%
Demons
70%
Hawks
70%
Hawks
70%
Roosters
70%
Taipans
70%
United
70%
United
70%
Warriors
70%
Kings
67%
Mariners
67%
Panthers
67%
Roar
67%
Saints
67%
Sea Eagles
67%
Sharks
67%
Sydney FC
67%
Auckland FC
63%
City
63%
Scorchers
63%
Victory
63%
Eels
59%
Wanderers
59%
Dolphins
56%
Jets
56%
Macarthur FC
56%
Reds
56%
Stars
56%
Renegades
52%
Bullets
48%
Glory
48%
Phoenix
48%
Phoenix
48%
Power
48%
Strikers
48%
Waratahs
44%
36ers
41%
Bombers
41%
Brumbies
41%
Force
41%
JackJumpers
41%
Crusaders
37%
Wildcats
37%
Breakers
26%
Chiefs
26%
Drua
22%
Highlanders
19%
Moana Pasifika
19%
No matching quizzes found
Score Distribution
Percent of People with Each Score
Percentile by Number Answered
Your Score History
You have not taken this quiz since the last reset